Statistics for Game of Thrones - The Rains of Castamere Lyrics

Click here to take the quiz!

General Stats

  • This quiz has been taken 2,095 times
  • The average score is 59 of 96

Answer Stats

Answer% Correct
And
97%
are
94%
who
94%
you,
94%
the
93%
Lord
92%
proud
92%
said,
91%
I
89%
that
89%
so
88%
low.
87%
bow
86%
a
85%
must
84%
a
83%
Only
83%
cat
82%
different
81%
coat,
80%
of
80%
I
76%
all
75%
know.
75%
the
75%
that's
74%
truth
74%
gold
67%
of
67%
a
66%
coat
66%
red,
66%
a
65%
claws.
65%
coat
65%
has
65%
lion
65%
of
65%
still
65%
a
64%
And
64%
and
61%
are
61%
long
61%
mine
61%
sharp,
61%
and
60%
as
60%
so
60%
And
59%
and
59%
as
59%
he
59%
he
59%
long
59%
Lord,
59%
my
59%
sharp
59%
so
59%
spoke,
59%
yours.
59%
of
58%
or
58%
spoke,
58%
Lord
57%
Castamere.
56%
that
56%
In
52%
now
50%
rains
50%
the
50%
weep
46%
his
45%
no
42%
o'er
42%
But
41%
one
40%
with
40%
hall,
39%
hear.
39%
there
39%
to
39%
now
37%
rains
37%
the
37%
his
35%
weep
35%
hear.
34%
to
34%
a
33%
hall
33%
not
33%
soul
33%
and
32%
o'er
32%
Yes
32%

Score Distribution

Percentile by Number Answered

Percent of People with Each Score

Your Score History

You have not taken this quiz